000 00657nam a22002057a 4500
999 _c1229
_d1229
003 AR-CdUCM
008 190226b ||||| |||| 00| 0 esp d
020 _aISBN
040 _aMUNICIPALIDAD PROVINCIAL DEL CUSCO
_cBIBLIOTECA MUNICIPAL DEL CUSCO
082 _a910.46 /
_bL55
100 _aLey, Willy
_94795
245 _aViaje a la luna /
_cCromberg Jorge
260 _aBuenos Aires
_bGeminis
_c1965
300 _a155 paginas ;
_c20 cm.
_e12 imágenes.
505 _aLa órbita de la luna -- El misterio de las manchas -- Viaje del Ranger ...
650 _aNebulosa.
_94796
650 _aCráter.
_94797
942 _2ddc
_cLIBROS
945 _aacrt
_d2019-02-26